000 00398nam a2200157 i 4500
001 64304
003 ES-MaACL
005 20230906165110.0
007 t|
008 031223s1972 sp ||||1| spa d
100 1 _aFlorido, Daniel.
_951334
245 1 0 _aMi ruta /
_cDaniel Florido.
260 _aAlgeciras :
_b[s.n.],
_c1972.
300 _a61 p. ;
_c17 cm.
852 _aES-MaACL
_jC-49235
_bR.81353
999 _c64304
_d64304